[Event "Krakow op-A 19th"]
[Site "Krakow"]
[Date "2008.12.29"]
[Round "3"]
[White "Kupczyk, Edyta"]
[Black "Pipala, Janusz"]
[Result "1-0"]
[WhiteElo "2123"]
[BlackElo "2086"]
[PlyCount "75"]
[EventDate "2008.12.26"]
[EventType "swiss"]
[EventRounds "9"]
[EventCountry "POL"]
[SourceTitle "CBM 128 Extra"]
[Source "ChessBase"]
[SourceDate "2009.03.05"]
[SourceVersion "2"]
[SourceVersionDate "2009.03.25"]
[SourceQuality "1"]

1. e4 e5 2. Nf3 Nc6 3. d4 exd4 4. Bc4 Nf6 5. e5 d5 6. Bb5 Ne4 7. Nxd4 Bd7 8. Bxc6 bxc6 9. 0-0 Bc5 10. f3 Ng5 11. Be3 Qe7 12. f4 Ne4 13. Nd2 f5 14. Nxe4 fxe4 15. Qh5+ g6 16. Qh6 Bb6 17. c3 c5 18. Nb3 a5 19. Bf2 a4 20. Nd2 Qf8 21. Qh4 h5 22. c4 c6 23. b4 Bf5 24. cxd5 cxd5 25. Rac1 d4 26. Nc4 Bd8 27. Qg3 h4 28. Qa3 cxb4 29. Qb2 e3 30. Nd6+ Kd7 31. Qxd4 exf2+ 32. Rxf2 Ra6 33. Nxf5+ Ke8 34. Nd6+ Ke7 35. Qxb4 Rb6 36. Qxa4 Ke6 37. Qc4+ Kd7 38. Nf7 1-0

[Event "Krakow op-A 19th"]
[Site "Krakow"]
[Date "2008.12.27"]
[Round "1"]
[White "Kupczyk, Edyta"]
[Black "Aliavdin, Nikolai"]
[Result "0-1"]
[WhiteElo "2123"]
[BlackElo "2343"]
[PlyCount "104"]
[EventDate "2008.12.26"]
[EventType "swiss"]
[EventRounds "9"]
[EventCountry "POL"]
[SourceTitle "CBM 128 Extra"]
[Source "ChessBase"]
[SourceDate "2009.03.05"]
[SourceVersion "2"]
[SourceVersionDate "2009.03.25"]
[SourceQuality "1"]

1. e4 c5 2. Nf3 d6 3. d4 cxd4 4. Nxd4 Nf6 5. Nc3 a6 6. Be2 e5 7. Nf3 Be7 8. Bg5 Nbd7 9. Qd2 b5 10. Nd5 Bb7 11. Nxe7 Qxe7 12. 0-0-0 Nc5 13. Bxf6 gxf6 14. Nh4 Nxe4 15. Qe3 Qe6 16. Bf3 f5 17. Kb1 0-0-0 18. g4 f4 19. Qe2 d5 20. a4 Qb6 21. Bxe4 dxe4 22. Nf5 Kb8 23. axb5 axb5 24. Rhe1 f6 25. h3 Qc5 26. Rxd8+ Rxd8 27. Rd1 Rxd1+ 28. Qxd1 Qd5 29. Qxd5 Bxd5 30. Kc1 Kc7 31. Kd2 Bc4 32. Ke1 Kd7 33. c3 Be6 34. Nh4 Kc6 35. Kd2 Kc5 36. Ng2 Bc4 37. b4+ Kd5 38. Ke1 Bd3 39. Nh4 Kc4 40. Kd2 Bf1 41. Nf5 Kd5 42. h4 Bh3 43. Ng7 Bxg4 44. Ne8 f5 45. Nf6+ Ke6 46. Nxh7 e3+ 47. fxe3 fxe3+ 48. Kxe3 f4+ 49. Kf2 e4 50. Ng5+ Kf5 51. Nf7 e3+ 52. Ke1 f3 0-1

[Event "POL-chT 2nd League"]
[Site "Ustron"]
[Date "2008.09.14"]
[Round "8.12"]
[White "Czarnota, Dorota"]
[Black "Kupczyk, Edyta"]
[Result "0-1"]
[WhiteElo "2229"]
[BlackElo "2110"]
[PlyCount "64"]
[EventDate "2008.09.06"]
[EventType "team-swiss"]
[EventRounds "9"]
[EventCountry "POL"]
[SourceTitle "EXT 2015"]
[Source "ChessBase"]
[SourceDate "2014.11.20"]
[SourceVersion "1"]
[SourceVersionDate "2014.11.20"]
[SourceQuality "1"]
[WhiteTeam "Grudziadz Rotmistrz MAT Premium"]
[BlackTeam "Chroscice LZS Victoria"]
[WhiteTeamCountry "POL"]
[BlackTeamCountry "POL"]

1. e4 c5 2. Nf3 Nc6 3. Bb5 d6 4. 0-0 Bd7 5. Re1 e6 6. c3 a6 7. Bf1 Nf6 8. d4 Be7 9. h3 e5 10. a4 0-0 11. Na3 Qc7 12. Rb1 Rfe8 13. d5 Na7 14. b4 b5 15. a5 c4 16. Nh2 g6 17. g4 h5 18. Nc2 hxg4 19. hxg4 Nh7 20. Ne3 Bg5 21. Bg2 Qd8 22. Nc2 Kg7 23. Bxg5 Qxg5 24. Re3 Rh8 25. Rg3 Nf6 26. Ne3 Qf4 27. Qf3 Rh4 28. Rh3 Rxh3 29. Bxh3 Rh8 30. Kg2 Nxe4 31. Qxf4 exf4 32. Nd1 Ng5 0-1

[Event "POL-chT 2nd League"]
[Site "Ustron"]
[Date "2008.09.07"]
[Round "2.30"]
[White "Kupczyk, Edyta"]
[Black "Kmiecik, Emilia"]
[Result "1/2-1/2"]
[WhiteElo "2110"]
[BlackElo "1860"]
[PlyCount "91"]
[EventDate "2008.09.06"]
[EventType "team-swiss"]
[EventRounds "9"]
[EventCountry "POL"]
[SourceTitle "EXT 2015"]
[Source "ChessBase"]
[SourceDate "2014.11.20"]
[SourceVersion "1"]
[SourceVersionDate "2014.11.20"]
[SourceQuality "1"]
[WhiteTeam "Chroscice LZS Victoria"]
[BlackTeam "Walbrzych KSz Hetman"]
[WhiteTeamCountry "POL"]
[BlackTeamCountry "POL"]

1. Nf3 Nf6 2. d4 d5 3. c4 e6 4. g3 Be7 5. Bg2 0-0 6. 0-0 Nbd7 7. Nc3 dxc4 8. Qc2 Nd5 9. Ne4 Nb4 10. Qxc4 Nb6 11. Qc3 N6d5 12. Qb3 a5 13. Nc3 Bd7 14. e4 a4 15. Qd1 Nxc3 16. bxc3 Na6 17. Ne5 Rb8 18. f4 c5 19. Be3 cxd4 20. cxd4 b5 21. g4 f6 22. Nxd7 Qxd7 23. f5 Rfc8 24. e5 Rc4 25. d5 exf5 26. d6 Rxg4 27. dxe7 Qxe7 28. Qd5+ Kh8 29. Rxf5 Nb4 30. Qf3 Rg6 31. Rc1 Nd3 32. exf6 gxf6 33. Bc5 Nxc5 34. Rfxc5 Rbg8 35. Rc8 Qe6 36. Rxg8+ Kxg8 37. a3 h5 38. Kf1 Rg5 39. Bh3 Qb6 40. Qf2 Qb7 41. Bg2 Qd7 42. Qc2 Rf5+ 43. Kg1 Qd4+ 44. Kh1 Rg5 45. Qc8+ Kh7 46. Rc7+ 1/2-1/2

[Event "Warsaw AIG Life rapid 7th"]
[Site "Warsaw"]
[Date "2007.12.15"]
[Round "2"]
[White "Kupczyk, Edyta"]
[Black "Barua, Dibyendu"]
[Result "0-1"]
[WhiteElo "2107"]
[BlackElo "2491"]
[PlyCount "30"]
[EventDate "2007.12.15"]
[EventType "swiss (rapid)"]
[EventRounds "13"]
[EventCountry "POL"]
[SourceTitle "CBM 121 Extra"]
[Source "ChessBase"]
[SourceDate "2008.01.10"]
[SourceVersion "1"]
[SourceVersionDate "2008.01.10"]
[SourceQuality "1"]

1. e4 e6 2. d4 d5 3. Nd2 Nf6 4. e5 Nfd7 5. Bd3 c5 6. c3 Nc6 7. Ne2 cxd4 8. cxd4 f6 9. exf6 Qxf6 10. Nf3 h6 11. 0-0 Bd6 12. Re1 0-0 13. Ng3 Rf7 14. Nh5 Qd8 15. Rxe6 Nf8 0-1

[Event "POL-chT 2nd League"]
[Site "Wysowa"]
[Date "2007.09.06"]
[Round "4"]
[White "Kupczyk, Edyta"]
[Black "Smolenska, Olga"]
[Result "1/2-1/2"]
[WhiteElo "2107"]
[BlackElo "1990"]
[PlyCount "70"]
[EventDate "2007.09.03"]
[EventType "team-swiss"]
[EventRounds "9"]
[EventCountry "POL"]
[SourceTitle "EXT 2010"]
[Source "ChessBase"]
[SourceDate "2010.11.25"]
[SourceVersion "1"]
[SourceVersionDate "2010.11.25"]
[SourceQuality "1"]
[WhiteTeam "Katowice Wasko II"]
[BlackTeam "Konin Hetman"]
[WhiteTeamCountry "POL"]
[BlackTeamCountry "POL"]

1. e4 e6 2. d4 d5 3. Nd2 dxe4 4. Nxe4 Bd7 5. Nf3 Bc6 6. Bd3 Bxe4 7. Bxe4 c6 8. 0-0 Bd6 9. c4 Nf6 10. Bg5 Nbd7 11. d5 Qc7 12. dxe6 fxe6 13. Bc2 0-0-0 14. Qe2 e5 15. Nd2 h6 16. Be3 b6 17. Rab1 Rhe8 18. Ne4 Nxe4 19. Bxe4 Bc5 20. Bd2 Nf6 21. Bf5+ Kb7 22. b4 Bd4 23. a4 e4 24. c5 Qe5 25. Bg6 Re7 26. cxb6 axb6 27. Rb3 Nd5 28. Rg3 e3 29. fxe3 Bxe3+ 30. Bxe3 Nxe3 31. Re1 Ng4 32. Qxe5 Rxe5 33. Rb1 Ne3 34. h3 Rd2 35. Bh7 g5 1/2-1/2

[Event "POL-chT 2nd League"]
[Site "Lublin"]
[Date "2006.09.04"]
[Round "3.48"]
[White "Kupczyk, Edyta"]
[Black "Leszner, Liliana"]
[Result "1/2-1/2"]
[WhiteElo "2087"]
[BlackElo "2095"]
[PlyCount "56"]
[EventDate "2006.09.02"]
[EventType "team-swiss"]
[EventRounds "9"]
[EventCountry "POL"]
[SourceTitle "EXT 2019"]
[Source "ChessBase"]
[SourceDate "2018.10.10"]
[SourceVersion "1"]
[SourceVersionDate "2018.10.10"]
[SourceQuality "1"]
[WhiteTeam "Szopienice HetMaN II"]
[BlackTeam "Lodz Szach Centrum"]
[WhiteTeamCountry "POL"]
[BlackTeamCountry "POL"]

1. e4 g6 2. d4 Bg7 3. Nc3 d6 4. f4 Nc6 5. d5 Nd4 6. Be3 c5 7. dxc6 Nxc6 8. Nf3 Nf6 9. Bc4 0-0 10. h3 a6 11. 0-0 b5 12. Bd3 Bb7 13. a3 Rc8 14. Qe1 Na5 15. Rd1 Nd7 16. Qf2 Nc4 17. Bxc4 Rxc4 18. Bd4 Qc8 19. Bxg7 Kxg7 20. Rfe1 b4 21. axb4 Rxb4 22. Kh1 Qc5 23. Qe2 Nf6 24. Nd2 Nh5 25. Qg4 Qf2 26. b3 Qxf4 27. Qxf4 Nxf4 28. Nc4 Bc6 1/2-1/2

[Event "POL-chT 2nd League"]
[Site "Lublin"]
[Date "2006.09.03"]
[Round "2.42"]
[White "Bryla, Lidia"]
[Black "Kupczyk, Edyta"]
[Result "0-1"]
[WhiteElo "1900"]
[BlackElo "2087"]
[PlyCount "60"]
[EventDate "2006.09.02"]
[EventType "team-swiss"]
[EventRounds "9"]
[EventCountry "POL"]
[SourceTitle "EXT 2019"]
[Source "ChessBase"]
[SourceDate "2018.10.10"]
[SourceVersion "1"]
[SourceVersionDate "2018.10.10"]
[SourceQuality "1"]
[WhiteTeam "Torun Apator"]
[BlackTeam "Szopienice HetMaN II"]
[WhiteTeamCountry "POL"]
[BlackTeamCountry "POL"]

1. e4 c5 2. Nf3 Nc6 3. d4 cxd4 4. Nxd4 Nf6 5. Nc3 d6 6. Bg5 Qb6 7. Nb3 e6 8. Qd2 Be7 9. 0-0-0 0-0 10. f4 Rd8 11. Be2 a6 12. g4 Qc7 13. Rdf1 b5 14. Bxf6 Bxf6 15. g5 Bxc3 16. Qxc3 b4 17. Qg3 a5 18. Kb1 a4 19. Nc1 Nd4 20. Bd3 Ba6 21. f5 a3 22. f6 axb2 23. Kxb2 Qc3+ 24. Kb1 Bc4 25. Bxc4 Qxc2+ 26. Ka1 Qxc4 27. Rf2 b3 28. Rb2 Nc2+ 29. Rxc2 bxc2 30. Re1 Qd4+ 0-1

[Event "POL-chT 61st"]
[Site "Lubniewice"]
[Date "2005.09.11"]
[Round "9"]
[White "Kupczyk, Edyta"]
[Black "Mikulewicz, Joanna"]
[Result "1/2-1/2"]
[WhiteElo "2123"]
[BlackElo "2069"]
[PlyCount "21"]
[EventDate "2005.09.03"]
[EventType "team-tourn"]
[EventRounds "9"]
[EventCountry "POL"]
[SourceTitle "EXT 2019"]
[Source "ChessBase"]
[SourceDate "2018.10.10"]
[SourceVersion "1"]
[SourceVersionDate "2018.10.10"]
[SourceQuality "1"]
[WhiteTeam "Katowice Hetman Szopienice"]
[BlackTeam "Gorzow Wielkopolski Stilon"]
[WhiteTeamCountry "POL"]
[BlackTeamCountry "POL"]

1. e4 c5 2. Nf3 d6 3. d4 cxd4 4. Nxd4 Nf6 5. Nc3 a6 6. Be2 e5 7. Nb3 Be7 8. 0-0 0-0 9. Kh1 b6 10. Be3 Bb7 11. Qd3 1/2-1/2

[Event "Ostroda Warmia & Mazury op"]
[Site "Ostroda"]
[Date "2005.08.06"]
[Round "2"]
[White "Kupczyk, Edyta"]
[Black "Heberla, Bartlomiej"]
[Result "0-1"]
[WhiteElo "2123"]
[BlackElo "2447"]
[PlyCount "57"]
[EventDate "2005.08.06"]
[EventType "swiss"]
[EventRounds "9"]
[EventCountry "POL"]
[SourceTitle "CBM 107 Extra"]
[Source "ChessBase"]
[SourceDate "2005.09.01"]
[SourceVersion "1"]
[SourceVersionDate "2005.09.01"]
[SourceQuality "1"]

1. e4 c5 2. Nf3 g6 3. d4 Bg7 4. Nc3 Qa5 5. Be3 Nf6 6. Qd2 cxd4 7. Nxd4 Nc6 8. f3 0-0 9. 0-0-0 d6 10. Bc4 Bd7 11. Bb3 Rfc8 12. Kb1 Ne5 13. h4 Nc4 14. Bxc4 Rxc4 15. Nb3 Qa6 16. h5 Be6 17. hxg6 fxg6 18. Nd5 Nxd5 19. exd5 Bf5 20. Rc1 Rac8 21. Na1 Qb5 22. b3 Bc3 23. Qe2 Qb4 24. Rcf1 Bxa1 25. Qd2 Qb5 26. Rc1 Bg7 27. Bd4 Ra4 28. Be3 Rxa2 29. g4 0-1

[Event "POL-chT 60th 1st League"]
[Site "Ustron"]
[Date "2004.09.10"]
[Round "7"]
[White "Kupczyk, Edyta"]
[Black "Guzik, Jolanta"]
[Result "1/2-1/2"]
[WhiteElo "2159"]
[BlackElo "2104"]
[PlyCount "24"]
[EventDate "2004.09.04"]
[EventType "team-tourn"]
[EventRounds "9"]
[EventCountry "POL"]
[SourceTitle "EXT 2007"]
[Source "ChessBase"]
[SourceDate "2006.11.23"]
[SourceVersion "1"]
[SourceVersionDate "2006.11.23"]
[SourceQuality "1"]
[WhiteTeam "Szopienice HetMaN"]
[BlackTeam "Jaworzno JKSz MCKiS"]
[WhiteTeamCountry "POL"]
[BlackTeamCountry "POL"]

1. e4 e5 2. Nf3 Nc6 3. Bb5 g6 4. c3 Nge7 5. 0-0 Bg7 6. d4 exd4 7. cxd4 d5 8. exd5 Nxd5 9. Re1+ Be6 10. Bg5 Qd6 11. Nbd2 0-0 12. Ne4 Qb4 1/2-1/2

[Event "POL-ch (Women)"]
[Site "Warsaw"]
[Date "2004.05.05"]
[Round "9"]
[White "Kupczyk, Edyta"]
[Black "Cyfka, Karina"]
[Result "0-1"]
[WhiteElo "2163"]
[BlackElo "2274"]
[PlyCount "144"]
[EventDate "2004.04.26"]
[EventType "tourn"]
[EventRounds "11"]
[EventCountry "POL"]
[EventCategory "1"]
[SourceTitle "CBM 100 Extra"]
[Source "ChessBase"]
[SourceDate "2004.07.06"]
[SourceVersion "2"]
[SourceVersionDate "2004.07.06"]
[SourceQuality "1"]

1. d4 Nf6 2. Nf3 g6 3. g3 Bg7 4. Bg2 d6 5. 0-0 0-0 6. c4 Nc6 7. Nc3 a6 8. b3 Bg4 9. Bb2 Qc8 10. Re1 Re8 11. d5 Nb8 12. e4 e5 13. Qc2 b6 14. Nd2 Nh5 15. b4 a5 16. a3 Bh6 17. Nb5 Na6 18. Bc3 Bh3 19. bxa5 Nf4 20. Bh1 bxa5 21. Nb3 a4 22. Na5 Nc5 23. Rad1 Nh5 24. Bb4 Bd7 25. Nc6 Qb7 26. Bxc5 dxc5 27. Rb1 Qc8 28. Nc3 Bxc6 29. dxc6 Qa6 30. Rb5 Qxc6 31. Nxa4 Red8 32. Rd1 Rxd1+ 33. Qxd1 Bf8 34. Bf3 Ng7 35. Nc3 Ne6 36. Nd5 Nd4 37. Rb1 Rxa3 38. Bg4 Ra8 39. Ra1 Rxa1 40. Qxa1 Qd6 41. Qa8 c6 42. Nb6 h5 43. Bh3 Ne2+ 44. Kg2 Kg7 45. Nd7 Be7 46. Qb8 Nc3 47. Qxd6 Bxd6 48. Kf3 Na4 49. Ke3 Nb2 50. Nb6 Bc7 51. Nd7 Nxc4+ 52. Kd3 Na5 53. Nxc5 Bb6 54. Nd7 Bd4 55. f4 f6 56. f5 g5 57. g4 h4 58. Bf1 Ba7 59. Kc3 Kf7 60. Kb4 Nb7 61. h3 Ke7 62. Ba6 Nd6 63. Nc5 Bxc5+ 64. Kxc5 Nxe4+ 65. Kxc6 Nc3 66. Kc5 Kd7 67. Kc4 Ne2 68. Kc5 Nf4 69. Bb5+ Kd8 70. Kd6 e4 71. Bc6 e3 72. Bf3 Ke8 0-1

[Event "POL-ch (Women)"]
[Site "Warsaw"]
[Date "2004.05.01"]
[Round "6"]
[White "Rajlich, Iweta"]
[Black "Kupczyk, Edyta"]
[Result "1-0"]
[WhiteElo "2444"]
[BlackElo "2163"]
[PlyCount "61"]
[EventDate "2004.04.26"]
[EventType "tourn"]
[EventRounds "11"]
[EventCountry "POL"]
[EventCategory "1"]
[SourceTitle "CBM 100 Extra"]
[Source "ChessBase"]
[SourceDate "2004.07.06"]
[SourceVersion "2"]
[SourceVersionDate "2004.07.06"]
[SourceQuality "1"]

1. d4 Nf6 2. c4 g6 3. Nc3 Bg7 4. Nf3 d6 5. Bg5 h6 6. Bh4 g5 7. Bg3 Nh5 8. e3 c5 9. d5 Qa5 10. Qd2 Nd7 11. Rc1 Nb6 12. Be2 Na4 13. Nxa4 Qxa4 14. b3 Qa3 15. 0-0 Bd7 16. Ne1 Nxg3 17. fxg3 0-0 18. Bd3 Qb4 19. Qe2 a6 20. Bb1 Bb5 21. h4 f5 22. hxg5 hxg5 23. Nf3 Bf6 24. g4 Bxc4 25. bxc4 fxg4 26. Nd2 Rf7 27. Ne4 Raf8 28. Qd3 Qb2 29. Rc2 Qe5 30. Rcf2 Bh8 31. Nxg5 1-0

[Event "POL-ch (Women)"]
[Site "Warsaw"]
[Date "2004.04.29"]
[Round "4"]
[White "Dworakowska, Joanna"]
[Black "Kupczyk, Edyta"]
[Result "1-0"]
[WhiteElo "2395"]
[BlackElo "2163"]
[PlyCount "67"]
[EventDate "2004.04.26"]
[EventType "tourn"]
[EventRounds "11"]
[EventCountry "POL"]
[EventCategory "1"]
[SourceTitle "CBM 100 Extra"]
[Source "ChessBase"]
[SourceDate "2004.07.06"]
[SourceVersion "2"]
[SourceVersionDate "2004.07.06"]
[SourceQuality "1"]

1. e4 c5 2. Nf3 Nc6 3. d4 cxd4 4. Nxd4 e5 5. Nb5 d6 6. N1c3 a6 7. Na3 b5 8. Nd5 Nce7 9. c4 Nxd5 10. exd5 bxc4 11. Nxc4 Nf6 12. Be3 Rb8 13. Be2 Be7 14. a4 0-0 15. 0-0 Bf5 16. f3 Qc7 17. Qd2 Qb7 18. Rfd1 Rfe8 19. h3 Bg6 20. Ra2 Qd7 21. Na5 Ra8 22. b4 Bd8 23. Nc6 Nh5 24. b5 Nf4 25. bxa6 Bg5 26. Bf1 h6 27. Rc1 Qf5 28. Rb2 Nd3 29. Bxd3 Bxe3+ 30. Qxe3 Qxd3 31. Qxd3 Bxd3 32. a7 Ba6 33. Rb8 e4 34. fxe4 1-0

[Event "POL-ch (Women)"]
[Site "Warsaw"]
[Date "2004.04.28"]
[Round "3"]
[White "Kupczyk, Edyta"]
[Black "Krupa, Monika"]
[Result "0-1"]
[WhiteElo "2163"]
[BlackElo "2220"]
[PlyCount "66"]
[EventDate "2004.04.26"]
[EventType "tourn"]
[EventRounds "11"]
[EventCountry "POL"]
[EventCategory "1"]
[SourceTitle "CBM 100 Extra"]
[Source "ChessBase"]
[SourceDate "2004.07.06"]
[SourceVersion "2"]
[SourceVersionDate "2004.07.06"]
[SourceQuality "1"]

1. e4 e6 2. d4 d5 3. Nc3 Bb4 4. Nge2 dxe4 5. a3 Be7 6. Nxe4 Nf6 7. N2c3 0-0 8. Qd3 Nc6 9. Be3 Nxe4 10. Nxe4 f5 11. Nc3 f4 12. Bd2 Nxd4 13. 0-0-0 e5 14. Nb5 Nxb5 15. Qxb5 Bd6 16. Bc4+ Kh8 17. Bc3 c6 18. Qb3 Qf6 19. a4 b6 20. f3 Bf5 21. g4 Bg6 22. h4 h5 23. Be6 Rad8 24. g5 Qe7 25. Rde1 e4 26. fxe4 f3 27. Qc4 b5 28. axb5 cxb5 29. Qb3 f2 30. Ref1 Bxe4 31. Rh3 Bg2 32. Rhh1 Bxh1 33. g6 Qxh4 0-1

[Event "POL-chT 1st League"]
[Site "Ustron"]
[Date "2003.09.09"]
[Round "4"]
[White "Sobocinska, Malgorzata"]
[Black "Kupczyk, Edyta"]
[Result "1/2-1/2"]
[WhiteElo "2000"]
[BlackElo "2135"]
[PlyCount "42"]
[EventDate "2003.09.06"]
[EventType "team-tourn"]
[EventRounds "9"]
[EventCountry "POL"]
[SourceTitle "EXT 2005"]
[Source "ChessBase"]
[SourceDate "2004.11.15"]
[SourceVersion "1"]
[SourceVersionDate "2004.11.15"]
[SourceQuality "1"]
[WhiteTeam "Lomza Devo Maraton"]
[BlackTeam "Szopienice HetMaN"]
[WhiteTeamCountry "POL"]
[BlackTeamCountry "POL"]

1. Nf3 Nf6 2. b3 g6 3. Bb2 Bg7 4. e3 c5 5. d4 0-0 6. c4 cxd4 7. Nxd4 Nc6 8. Be2 d5 9. cxd5 Qa5+ 10. Qd2 Qxd2+ 11. Nxd2 Nxd5 12. N2f3 Bg4 13. Rd1 e6 14. h3 Nxd4 15. Nxd4 Bxe2 16. Kxe2 Rac8 17. Rc1 Rfd8 18. Rhd1 h5 19. a3 a6 20. Rxc8 Rxc8 21. Kd2 Kf8 1/2-1/2

[Event "POL-chT 1st League"]
[Site "Ustron"]
[Date "2003.09.08"]
[Round "3"]
[White "Kupczyk, Edyta"]
[Black "Lysiak, Magdalena"]
[Result "1-0"]
[WhiteElo "2135"]
[BlackElo "2075"]
[PlyCount "79"]
[EventDate "2003.09.06"]
[EventType "team-tourn"]
[EventRounds "9"]
[EventCountry "POL"]
[SourceTitle "EXT 2005"]
[Source "ChessBase"]
[SourceDate "2004.11.15"]
[SourceVersion "1"]
[SourceVersionDate "2004.11.15"]
[SourceQuality "1"]
[WhiteTeam "Szopienice HetMaN"]
[BlackTeam "Poznan Lech"]
[WhiteTeamCountry "POL"]
[BlackTeamCountry "POL"]

1. e4 e6 2. d3 c5 3. g3 Nc6 4. Bg2 g6 5. Nf3 Bg7 6. 0-0 Nge7 7. Nbd2 0-0 8. Re1 d5 9. e5 Qc7 10. Qe2 b6 11. c3 Ba6 12. Nf1 h6 13. h4 Rad8 14. Bf4 Rd7 15. N1h2 Kh7 16. Ng4 Ng8 17. Bh3 b5 18. d4 Qa5 19. Qe3 cxd4 20. cxd4 Rc8 21. Nf6+ Bxf6 22. exf6 Nb4 23. h5 Nc2 24. hxg6+ Kxg6 25. Ne5+ Kxf6 26. Nxd7+ Ke7 27. Qe5 Nxe1 28. Rxe1 Rc6 29. Nb8 Rb6 30. Nxa6 Rxa6 31. Re3 Qxa2 32. Qc7+ Kf6 33. Be5+ Kg6 34. Rf3 Qb1+ 35. Kg2 f6 36. Qc8 Qg1+ 37. Kxg1 Ra1+ 38. Kg2 Rg1+ 39. Kxg1 Ne7 40. Qxe6 1-0

[Event "POL-chT 1st League"]
[Site "Ustron"]
[Date "2003.09.06"]
[Round "1"]
[White "Kupczyk, Edyta"]
[Black "Bednarska, Malgorzata"]
[Result "0-1"]
[WhiteElo "2135"]
[BlackElo "2205"]
[PlyCount "42"]
[EventDate "2003.09.06"]
[EventType "team-tourn"]
[EventRounds "9"]
[EventCountry "POL"]
[SourceTitle "EXT 2005"]
[Source "ChessBase"]
[SourceDate "2004.11.15"]
[SourceVersion "1"]
[SourceVersionDate "2004.11.15"]
[SourceQuality "1"]
[WhiteTeam "Szopienice HetMaN"]
[BlackTeam "Kozuchow Odrodzenie"]
[WhiteTeamCountry "POL"]
[BlackTeamCountry "POL"]

1. e4 c5 2. Nf3 g6 3. d4 Bg7 4. Nc3 cxd4 5. Nxd4 Nc6 6. Be3 Nf6 7. Bc4 0-0 8. Bb3 d6 9. h3 Bd7 10. 0-0 Rc8 11. f4 Qc7 12. Nf3 Qb8 13. a4 Rfd8 14. Qe2 Be8 15. Qf2 b6 16. Rae1 Nd7 17. e5 Nc5 18. Bxc5 dxc5 19. Nd5 e6 20. Nf6+ Bxf6 21. exf6 Qxf4 0-1

[Event "POL-ch U20 Girls"]
[Site "Jarnoltowek"]
[Date "2003.04.14"]
[Round "10"]
[White "Kupczyk, Edyta"]
[Black "Cyfka, Karina"]
[Result "0-1"]
[WhiteElo "2129"]
[BlackElo "2137"]
[PlyCount "74"]
[EventDate "2003.04.07"]
[EventType "tourn"]
[EventRounds "11"]
[EventCountry "POL"]
[SourceTitle "CBM 093 Extra"]
[Source "ChessBase"]
[SourceDate "2003.05.09"]
[SourceVersion "1"]
[SourceVersionDate "2003.05.09"]
[SourceQuality "1"]

1. e4 c5 2. Nf3 Nc6 3. Nc3 e5 4. Bc4 Be7 5. d3 Nf6 6. Nd2 d6 7. Nf1 Be6 8. Ne3 a6 9. a3 Rb8 10. 0-0 0-0 11. Ncd5 b5 12. Ba2 c4 13. Nxf6+ Bxf6 14. dxc4 b4 15. axb4 Nxb4 16. Bb3 a5 17. Nd5 Nc6 18. Ba4 Nb4 19. b3 Bg5 20. Bxg5 Qxg5 21. Bb5 Bxd5 22. exd5 e4 23. Qe2 Qe5 24. Ra4 f5 25. Qd2 f4 26. Bd7 e3 27. Qe2 Qc3 28. Be6+ Kh8 29. Qe1 Qxc2 30. fxe3 Nd3 31. Qd1 Qc3 32. Ra2 fxe3 33. Re2 Nf4 34. Rc2 Qxb3 35. Bg4 Rbe8 36. Qb1 e2 37. Bxe2 Nxe2+ 0-1